000
00258nam a22001097a 4500
082
_a
621.388 VAS'H
100
_a
VASTENHOUND, J
_9
80065
245
_a
HOW TO IMPROVE YOUR TV RECEPTION
260
_a
DENMARK
_b
LUND JOHANSEN
_c
1956
300
_a
71P
942
_c
BK
999
_c
585036
_d
585036